The 50 Best Animated Movie Characters Quiz Stats

 Plays Quiz not verified by Sporcle

Score 0/50 Timer 10:00
0 Plays Today
Rank Character % Correct
2Woody
90.1%
13Buzz Lightyear
85%
4Wall-E
80.5%
21Donkey
71%
9Dumbo
70%
35Roger Rabbit
68.9%
17Dory
64.2%
1Gromit
63.9%
12Lilo
60.7%
20Genie
59.8%
23Mike Wasowski
58.6%
3Baloo
58.6%
6Jessica Rabbit
57.5%
15Coraline
54.9%
34Homer Simpson
54.9%
50Mickey Mouse
54.6%
11Puss in Boots
51.6%
22Jack Skellington
50.2%
16Cruella De Vil
47.9%
8The Iron Giant
46.2%
24Captain Hook
43.5%
44Thumper
42.7%
18Totoro
40.1%
29Carl Fredericksen
39.2%
41Remy
37.5%
Rank Character % Correct
10Dug
37.2%
30Grumpy
36.7%
7Maleficent
35.8%
39Lumiere
30.8%
26Hiccup
23.6%
43Fievel
19.3%
38Satan
17.4%
49Z
14.8%
32Shifu
13.2%
37Skipper the Penguin
12.2%
40Rhino
11.1%
27Chihiro
10.6%
33Emily
9.8%
28Steve
7.9%
42Sophie
7.4%
47Daffy Duck
6.6%
14Tetsuo
5.9%
48Fiver
5.4%
46Toad
4.5%
31DJ
4.1%
36Insectosaurus
3.2%
5Marji
3%
25Kristofferson
2.9%
19Madame Souza
2.1%
45Aisling
2.1%

You're not logged in!

Compare scores with friends on all Sporcle quizzes.
OR
Log In

Show Comments

Extras

Top Quizzes Today


Score Distribution

Your Account Isn't Verified!

In order to create a playlist on Sporcle, you need to verify the email address you used during registration. Go to your Sporcle Settings to finish the process.

Report this User

Report this user for behavior that violates our Community Guidelines.

Details: